Statistiken für Medizinische Fachrichtungen

Klicken Sie hier um das Quiz zu spielen!

Allgemein

  • Dieses Quiz wurde 1.719 mal gespielt
  • Das Durchschnittsergebnis liegt bei 11 aus 18

Antwortstatistiken

FachAntwort% Korrekt
Herz{Kard}iologie
91%
Mentale Störungen{Psych}iatrie
90%
Haut{Derma}tologie
84%
Krebs{Onk}ologie
81%
Weibliches Fortpflanzungssystem{Gynä}kologie
77%
Kinder{Päd}iatrie
72%
Harn{Uro}logie
70%
Muskel und Knochen{Ortho}pädie
69%
Bildgebung{Rad}iologie
68%
Nervensystem{Neur}ologie
67%
Narkose{Anästh}esiologie
57%
Lunge{Pulm}ologie
57%
Senioren{Geri}atrie
52%
Blut{Häma}tologie
49%
Füße{Pod}ologie
49%
Gelenke{Rheum}atologie
22%
Leiden{Path}ologie
21%
Augen{Ophth}amologie
13%

Verteilung der Resultate

Perzentil nach korrekt beantworteten Fragen

Anzahl Personen mit jedem Resultat

Ihre Resultats-Entwicklung

Sie haben dieses Quiz noch nicht gespielt